Представление документа в формате MARC21

Поле Инд. ПП Название Значение
Тип записи a
Библиографический уровень m
001 Контрольный номер RU/IS/BASE/263563380
005 Дата корректировки 20250620120420.7
008 Кодируемые данные 19950410
020 00 a ISBN 5-08-000582-3
040 00 e Правила каталог. Мира 950410
084 a Индекс другой классификации/Индекс ББК 28.681.6я9; 28.681я9
090 00 a Полочн. индекс 28.681.6я9
x Авторский знак Т 172
097 00 a 230
100 10 a Автор Тамбиев А. Х.
q Полное имя Тамбиев Александр Хапачевич
245 00 a Заглавие Живые пути планеты или колесо жизни
c Ответственность художники В. Адамова, В. Примаков
260 00 a Место издания Москва
b Издательство Детская литература
c Дата издания 1994
300 00 a Объем 208 с.
b Иллюстрации/ тип воспроизводства ил.
336 a Термин вида содержания Текст
337 a Термин типа средства непосредственный
650 a Основная рубрика биология
a Основная рубрика зоология
a Основная рубрика экология
653 00 a Ключевые слова акустика
a Ключевые слова биоакустика
a Ключевые слова биологические часы
a Ключевые слова гипотезы
a Ключевые слова голубиная почта
a Ключевые слова животные
a Ключевые слова кольцевание
a Ключевые слова метки
a Ключевые слова миграция животных
a Ключевые слова миграция птиц
a Ключевые слова морские животные
a Ключевые слова научные исследования
a Ключевые слова органы чувств
a Ключевые слова ориентация
a Ключевые слова перелетные птицы
a Ключевые слова птицы
a Ключевые слова хоминг
a Ключевые слова экология животных
700 10 a Автор Адамова В.
e Роль лиц художник
700 10 a Автор Примаков В.
e Роль лиц художник
720 a Наименование подборки Животные (насекомые)
901 t Тип документа m
952 a Тип литературы для КСУ ВШ НПИ